The microstructures of housing markets (Record no. 59038)

MARC details
000 -LEADER
fixed length control field 00688nam a2200229Ia 4500
008 - FIXED-LENGTH DATA ELEMENTS--GENERAL INFORMATION
fixed length control field 191130s2006##################000#0#eng##
020 ## - INTERNATIONAL STANDARD BOOK NUMBER
ISBN 9780415478069
082 ## - DEWEY DECIMAL CLASSIFICATION NUMBER
Classification number 333.3383 SMI
245 ## - TITLE STATEMENT
Title The microstructures of housing markets
Statement of responsibility, etc edited by Susan J. Smith and Moira Munro
260 ## - PUBLICATION, DISTRIBUTION, ETC. (IMPRINT)
Place of publication New York
Name of publisher Routledge
Year of publication 2006
300 ## - PHYSICAL DESCRIPTION
Number of Pages 210 p. : ill., maps ; 26 cm.
500 ## - GENERAL NOTE
General note Includes bibliographical references and index
650 ## - SUBJECT ADDED ENTRY--TOPICAL TERM
Topical Term Home ownership
Topical Term House buying
Topical Term Housing -- Finance
700 ## - ADDED ENTRY--PERSONAL NAME
Personal name Munro, Moira
Personal name Smith, Susan J
991 ## -
-- 198809
Holdings
Withdrawn status Lost status Damaged status Not for loan Home library Current library Shelving location Date acquired Full call number Accession Number Price effective from Koha item type
        Anna Centenary Library Anna Centenary Library 4TH FLOOR, A WING 09.10.2020 333.3383 SMI 150434 09.10.2020 English Books

Find us on the map